000 00902nam a2200217Ia 4500
003 OSt
005 20200819173855.0
008 191128s1995 sp gr 000 0 spa d
040 _aCo-JMCR
_cCo-JMCR
041 0 _aspa
082 0 4 _a368.4 /
_bC749c
_223
111 1 _aCongreso Iberoamericana de Seguridad Social ( 5-8 : diciembre : 1995 )
_cPunta del Este
_98946
245 1 0 _aXI Congreso Iberoamericano de Seguridad Social, 5-8 de diciembre 1995, Santiago de Chile /
_cCongreso Iberoamericana de Seguridad Social
260 _aMadrid :
_bOrganización Iberoamericana de Seguridad Social,
_c1995.
300 _a160 páginas
_c28 cm.
505 0 _aApertura del congreso -- Organos de gobierno de la Oiss -- Documentos técnicos del congreso -- Clausura del congreso
650 2 4 _aCongreso
_98947
650 2 4 _aSeguridad Social Informe
_98948
650 2 4 _aSeguridad social
_96217
942 _2ddc
_cBK
999 _c6010
_d6010